• 首页
  • 本馆介绍
  • 公告通知
  • 最新文献
  • 馆藏检索
  • 电子资源
  • 读者导购
  • 参考咨询
  • 我的图书馆
  • 登录
  • 详细信息显示
  • 放入我的书架
  • 预约/预借图书
  • 作者相关作品
  • 分类相关作品
  • 丛书相关作品
  • 出版社相关作品

书目信息

  • 表格格式
  • 工作单格式
  • 卡片格式
题名:
大学高级英语词汇手册
    
 
作者: 邹辿智 主编
分册:  
出版信息: 上海   同济大学出版社  1989.8
页数: 355页
开本: 19厘米
丛书名:
单 册:
中图分类: H313-62
科图分类:
主题词: 英语-词汇--高等学校--手册 , 词汇-英语--高等学校--手册 , 英语
电子资源:
ISBN: 7-5608-0179-X
000 00922nam0 2200277 45
001 0189016683
005 20040506094206.6
010    @a7-5608-0179-X@dCNY4.00
020    @aCN@b89016683
100    @a19910513d1989 m y0chiy0120 ea
101 2  @achi@aeng
102    @aCN@b310000
105    @ay g 000yy
106    @ar
200 10 @a大学高级英语词汇手册@Ada xue gao ji ying yu ci hui shou ce@dUNIVERSITY ADVACED ENGLISH VOCABULARY HANDBOOK@zeng@f邹辿智主编@Fzou nai zhi zhu bian
210    @a上海@c同济大学出版社@d1989.8
215    @a355页@d19厘米
510 1  @aUNIVERSITY ADVACED ENGLISH VOCABULARY HANDBOOK@zeng
540 1  @a大学 高级英语 词汇@Ada xue gao ji ying yu ci hui
606    @a英语-词汇@x高等学校@x手册
606    @a词汇-英语@x高等学校@x手册
606 0  @a英语
690    @aH313-62
701  0 @a邹辿智@Azou nai zhi@4主编
801  0 @aCN@bNLC@c19910513
905    @f2@b225781-782@dH313-62@e150
    
    大学高级英语词汇手册=UNIVERSITY ADVACED ENGLISH VOCABULARY HANDBOOK/邹辿智主编.-上海:同济大学出版社,1989.8
    355页;19厘米
    
    
    ISBN 7-5608-0179-X:CNY4.00
    
●
相关链接 在E读中查询图书 在五车中查询图书 在当当中查询图书 在豆瓣中查询图书


正题名:大学高级英语词汇手册     索取号:H313-62/150         预约/预借

序号 登录号 条形码 馆藏地/架位号 状态 备注
1 0225781   001380017   第四借阅区/ [索取号:H313-62/150] 在馆    
2 0225782   001380295   第四借阅区/ [索取号:H313-62/150] 在馆    
3 0225783   001380339   第二样本阅览室/ [索取号:H313-62/150] 在馆    
唐山师范学院图书馆 欢迎您!
大连网信软件有限公司© 版权所有